000 00397nam a2200145Ia 4500
008 230917s9999||||xx |||||||||||||| ||und||
040 _e40415
_aMAIN
041 _aEnglish
082 _a822.09 H332T
100 _aHayman, Ronald
245 0 _aTheatre and Anti- theatre: new movements since beckett
260 _aNew York
_bOxford University Press
_c1979
300 _axiii, 272 p.
942 _cBK
999 _c202299
_d202299